[Event "National Capital op"]
[Site "Ottawa CAN"]
[Date "2022.11.06"]
[Round "5.2"]
[White "Sambuev, Bator"]
[Black "Xu, Daniel"]
[Result "0-1"]
[WhiteElo "2518"]
[BlackElo "2299"]
[PlyCount "126"]
[EventDate "2022.11.04"]
[EventType "swiss"]
[EventRounds "5"]
[EventCountry "CAN"]

1. d4 Nf6 2. c4 g6 3. Nc3 Bg7 4. e4 d6 5. Nf3 O-O 6. Be2 e5 7. O-O Nc6 8. d5
Ne7 9. Ne1 Nd7 10. Be3 f5 11. f3 f4 12. Bf2 g5 13. b4 Nf6 14. c5 Ng6 15. a4 Rf7
16. c6 b6 17. a5 Rb8 18. axb6 axb6 19. g4 fxg3 20. hxg3 h5 21. Qd2 Bh6 22. Ng2
Rg7 23. Kh2 Bh3 24. Rh1 Kh7 25. Kg1 Qg8 26. Qe1 g4 27. fxg4 Bxg4 28. Bxg4 Nxg4
29. Rxh5 Rf8 30. Ra2 Rf3 31. Rf5 Rd3 32. Ne2 Ne7 33. Qb1 Nxf5 34. Qxd3 Ne7 35.
Nh4 Qf7 36. Nc3 Qh5 37. Be1 Be3+ 38. Kh1 Ng6 39. Qf1 Nxh4 40. gxh4 Rf7 41. Qh3
Bf2 42. Bd2 Bxh4 43. Be1 Rf1+ 44. Qxf1 Bxe1+ 45. Kg1 Bxc3 46. Qf5+ Qxf5 47.
exf5 Nf6 48. b5 Nxd5 49. Kg2 e4 50. Ra4 Bb4 51. Ra8 Kg7 52. Re8 e3 53. Kf3 Bd2
54. Rc8 Kf6 55. Rf8+ Ke5 56. Rf7 Kd4 57. f6 Ke5 58. Ke2 Ke6 59. Rh7 Kxf6 60.
Kf3 Ke5 61. Ke2 Kd4 62. Rh4+ Kc3 63. Rg4 Kc2 0-1

[Event "National Capital op"]
[Site "Ottawa CAN"]
[Date "2022.11.06"]
[Round "5.3"]
[White "Chiku-Ratte, Olivier-Kenta"]
[Black "Han, Johnathan"]
[Result "1/2-1/2"]
[WhiteElo "2459"]
[BlackElo "2251"]
[PlyCount "79"]
[EventDate "2022.11.04"]
[EventType "swiss"]
[EventRounds "5"]
[EventCountry "CAN"]

1. d4 Nf6 2. c4 e6 3. Nf3 b6 4. g3 Bb7 5. Bg2 Be7 6. O-O O-O 7. d5 exd5 8. Nh4
c6 9. cxd5 Nxd5 10. Nf5 Nc7 11. Nc3 d5 12. e4 Bf6 13. Re1 Nba6 14. e5 Be7 15.
Qg4 g6 16. Nxe7+ Qxe7 17. Bg5 Qb4 18. Qh3 Rfe8 19. a3 Qf8 20. b4 Ne6 21. Bf6
Nac7 22. Qh4 c5 23. Rad1 Nd4 24. bxc5 bxc5 25. g4 Nce6 26. Qg3 Qh6 27. h4 Rab8
28. h5 g5 29. Bxd5 Nf4 30. Bxb7 Rxb7 31. Kh1 Rb3 32. Re3 Reb8 33. Ne4 Rb1 34.
Rxb1 Rxb1+ 35. Kh2 Nf5 36. Qf3 Nd4 37. Qg3 Nf5 38. Qf3 Nd4 39. Qg3 Nf5 40. Qf3
1/2-1/2

[Event "National Capital op"]
[Site "Ottawa CAN"]
[Date "2022.11.06"]
[Round "5.5"]
[White "Latreille, Etienne"]
[Black "Gordon, David"]
[Result "1/2-1/2"]
[WhiteElo "2213"]
[BlackElo "2264"]
[PlyCount "57"]
[EventDate "2022.11.04"]
[EventType "swiss"]
[EventRounds "5"]
[EventCountry "CAN"]

1. e4 c5 2. Nf3 Nc6 3. Bb5 Nf6 4. Nc3 g6 5. O-O Bg7 6. e5 Ng4 7. Bxc6 dxc6 8.
Re1 Nh6 9. h3 Nf5 10. d3 O-O 11. Bf4 Be6 12. Ne4 Qb6 13. c3 h5 14. Qd2 Bh8 15.
Nfg5 Bd5 16. g4 hxg4 17. hxg4 f6 18. exf6 exf6 19. Nf3 Bxe4 20. Rxe4 Ng7 21.
Re7 Rae8 22. Rae1 Rxe7 23. Rxe7 Re8 24. Qe3 Qd8 25. Rxe8+ Nxe8 26. g5 Qd7 27.
Qe4 Kf7 28. gxf6 Bxf6 29. Kf1 1/2-1/2

[Event "National Capital op"]
[Site "Ottawa CAN"]
[Date "2022.11.06"]
[Round "5.8"]
[White "Turcotte, Jonathan"]
[Black "Latorre, Vincent"]
[Result "1-0"]
[WhiteElo "2007"]
[BlackElo "2109"]
[PlyCount "117"]
[EventDate "2022.11.04"]
[EventType "swiss"]
[EventRounds "5"]
[EventCountry "CAN"]

1. d4 Nf6 2. c4 e6 3. Nf3 Bb4+ 4. Bd2 a5 5. g3 O-O 6. Bg2 d5 7. a3 Be7 8. Qc2
c6 9. O-O Nbd7 10. Bf4 Ne4 11. Nbd2 Ndf6 12. Rfd1 Bd6 13. Rac1 Qe7 14. e3 Rd8
15. Bxd6 Qxd6 16. Ne5 Nxd2 17. Rxd2 Nd7 18. Nd3 Nf6 19. Rdd1 Bd7 20. Nc5 Qc7
21. b4 axb4 22. axb4 Rac8 23. Qb2 b6 24. Nd3 Qd6 25. Rd2 Rc7 26. Rdc2 Rdc8 27.
Qa2 Be8 28. Qa6 Nd7 29. Rc3 f6 30. cxd5 cxd5 31. Qxc8 Rxc8 32. Rxc8 Kf7 33.
R1c6 Qe7 34. Bh3 Nf8 35. Rxb6 Qa7 36. Rbb8 Qa1+ 37. Bf1 Nd7 38. Ra8 Qd1 39.
Rxe8 Nb6 40. Rf8+ Kg6 41. Nf4+ Kh6 42. Kg2 Nxa8 43. Rxa8 e5 44. Ne2 Qb1 45. Rb8
Qa2 46. Rb6 Qa7 47. Rb5 Qd7 48. Nc3 exd4 49. exd4 Qe7 50. Bd3 Qe1 51. Nxd5 Qd2
52. Be4 Qxd4 53. Bf3 f5 54. h4 g6 55. h5 Qc4 56. Rb6 Kg7 57. hxg6 hxg6 58. Nc7
Qxc7 59. Rb7 1-0

[Event "National Capital op"]
[Site "Ottawa CAN"]
[Date "2022.11.06"]
[Round "5.10"]
[White "Bhat, Vaibhav"]
[Black "Van Rooy, Jake"]
[Result "1-0"]
[WhiteElo "1963"]
[BlackElo "2089"]
[PlyCount "97"]
[EventDate "2022.11.04"]
[EventType "swiss"]
[EventRounds "5"]
[EventCountry "CAN"]

1. d4 e6 2. c4 Bb4+ 3. Bd2 Qe7 4. Qc2 Bxd2+ 5. Nxd2 d6 6. Ngf3 Nf6 7. g3 O-O 8.
Bg2 e5 9. O-O c6 10. e4 Bg4 11. h3 Bxf3 12. Nxf3 Nbd7 13. Rfe1 Rfe8 14. Rac1 a6
15. dxe5 dxe5 16. c5 Nf8 17. b4 Rad8 18. Qc3 Rd7 19. Nh4 Red8 20. Bf1 Ne8 21.
Nf5 Qf6 22. Bc4 Ne6 23. Qb3 Nd4 24. Nxd4 Rxd4 25. Rcd1 Rd2 26. Rxd2 Rxd2 27.
Re2 Rxe2 28. Bxe2 Kf8 29. Qd1 Qe7 30. Bg4 Nf6 31. Qd3 Ke8 32. Kf1 h5 33. Bd1
Qe6 34. Kg2 Qxa2 35. Bb3 Qb2 36. Qc4 Nxe4 37. Qxf7+ Kd8 38. Be6 Nf6 39. Qxg7 e4
40. Qf8+ Ne8 41. Bf7 Qe5 42. Qxe8+ Qxe8 43. Bxe8 Kxe8 44. g4 hxg4 45. hxg4 b6
46. cxb6 Kd7 47. g5 c5 48. g6 c4 49. g7 1-0

[Event "New Brunswick op"]
[Site "Fredericton CAN"]
[Date "2022.07.01"]
[Round "1.1"]
[White "Manley, Jason"]
[Black "Belczewski, Ron"]
[Result "1-0"]
[WhiteElo "2208"]
[BlackElo "1692"]
[PlyCount "43"]
[EventDate "2022.07.01"]
[EventType "swiss"]
[EventRounds "5"]
[EventCountry "CAN"]

1. e4 c5 2. Nf3 d6 3. c3 a6 4. d4 cxd4 5. cxd4 Nf6 6. Bd3 g6 7. Bg5 Bg7 8. O-O
O-O 9. Qd2 Re8 10. h3 Bd7 11. Nc3 Bb5 12. Bxb5 axb5 13. e5 b4 14. exf6 bxc3 15.
fxe7 Qxe7 16. bxc3 f6 17. Rfe1 Qd7 18. Bf4 Rc8 19. d5 Na6 20. Re6 Qc7 21. Rxd6
Qxc3 22. Rd8+ 1-0

[Event "New Brunswick op"]
[Site "Fredericton CAN"]
[Date "2022.07.01"]
[Round "1.3"]
[White "Desforges, Jean"]
[Black "Livingstone, Jim"]
[Result "1-0"]
[WhiteElo "2111"]
[BlackElo "1648"]
[PlyCount "65"]
[EventDate "2022.07.01"]
[EventType "swiss"]
[EventRounds "5"]
[EventCountry "CAN"]

1. d4 d5 2. c4 c6 3. Nf3 Nf6 4. Nc3 dxc4 5. a4 Bf5 6. e3 e6 7. Bxc4 Bb4 8. O-O
O-O 9. Bd2 Nbd7 10. Re1 h6 11. e4 Bg6 12. e5 Nd5 13. Qb3 a5 14. Rac1 N7b6 15.
Bf1 Qd7 16. Ne4 Bxe4 17. Rxe4 Bxd2 18. Nxd2 Qe7 19. Nc4 Nxc4 20. Rxc4 Rfd8 21.
Bd3 Nb4 22. Bb1 Rd7 23. Rg4 Rad8 24. Qg3 f6 25. Qe3 f5 26. Rg3 c5 27. d5 Rxd5
28. h3 Rd1+ 29. Kh2 Rxb1 30. Qxh6 Rd7 31. Rh4 Qf8 32. Qxe6+ Rf7 33. Qh6 1-0

[Event "New Brunswick op"]
[Site "Fredericton CAN"]
[Date "2022.07.01"]
[Round "1.4"]
[White "Makarov, Joshua"]
[Black "Zhang, Brian"]
[Result "0-1"]
[WhiteElo "1608"]
[BlackElo "1761"]
[PlyCount "42"]
[EventDate "2022.07.01"]
[EventType "swiss"]
[EventRounds "5"]
[EventCountry "CAN"]

1. d4 Nf6 2. c4 g6 3. Nc3 Bg7 4. Nf3 O-O 5. e4 d6 6. Be2 e5 7. O-O Nc6 8. a3
exd4 9. Nxd4 Nxe4 10. Nxc6 Nxc3 11. Nxd8 Nxd1 12. Rxd1 Rxd8 13. Bf3 Re8 14. Rb1
Bf5 15. Ra1 c6 16. g4 Bc2 17. Rd2 Bb3 18. Rb1 Ba2 19. Ra1 Re1+ 20. Kg2 Bxc4 21.
Rxd6 Bf1+ 0-1

[Event "New Brunswick op"]
[Site "Fredericton CAN"]
[Date "2022.07.01"]
[Round "1.5"]
[White "Hensel, George"]
[Black "Zhang, Michelle"]
[Result "0-1"]
[WhiteElo "1711"]
[BlackElo "1638"]
[PlyCount "128"]
[EventDate "2022.07.01"]
[EventType "swiss"]
[EventRounds "5"]
[EventCountry "CAN"]

1. e4 e6 2. d4 d5 3. Nc3 dxe4 4. Nxe4 Nd7 5. Nf3 Ngf6 6. Ng3 Be7 7. Bc4 a6 8.
a3 b5 9. Ba2 Bb7 10. Be3 c5 11. c3 O-O 12. O-O c4 13. Qe2 Nb6 14. Rfe1 Nbd5 15.
Bd2 Rc8 16. Rad1 Qc7 17. Bb1 Bd6 18. Ne4 Nxe4 19. Bxe4 Nf4 20. Bxf4 Bxf4 21. g3
Bxe4 22. Qxe4 Bh6 23. h4 Qc6 24. Nh2 g6 25. f4 Bg7 26. Nf3 Qxe4 27. Rxe4 Rfd8
28. Rde1 Rd5 29. Kg2 a5 30. R1e2 b4 31. axb4 axb4 32. Nd2 b3 33. Re1 Ra5 34.
Rb1 Ra2 35. Ree1 Bf8 36. Re2 Kg7 37. Kf3 Rc6 38. Kf2 f5 39. Nf3 Kf6 40. Ne5 Rc7
41. Rbe1 Ra6 42. Nf3 h6 43. Nd2 Bg7 44. Nf1 Kf7 45. Ne3 Rd6 46. Kf3 h5 47. Ra1
Bf6 48. Ra4 Rdc6 49. Rd2 Rc8 50. Ke2 R8c7 51. d5 exd5 52. Nxd5 Re6+ 53. Ne3
Rce7 54. Rxc4 Rxe3+ 55. Kf2 R3e4 56. Rc6 R4e6 57. Rc5 Rb6 58. Rdd5 Ree6 59.
Rd7+ Be7 60. Rcc7 Kf6 61. Rb7 Rxb7 62. Rxb7 Bc5+ 63. Kf1 Rb6 64. Rc7 Ba3 0-1

[Event "New Brunswick op"]
[Site "Fredericton CAN"]
[Date "2022.07.01"]
[Round "1.8"]
[White "Pryor, Walker"]
[Black "Carter, Chase"]
[Result "1/2-1/2"]
[WhiteElo "1173"]
[BlackElo "1488"]
[PlyCount "78"]
[EventDate "2022.07.01"]
[EventType "swiss"]
[EventRounds "5"]
[EventCountry "CAN"]

1. e4 d5 2. exd5 Nf6 3. Nc3 Nxd5 4. Nxd5 Qxd5 5. Nf3 Bg4 6. Be2 Nc6 7. b3 O-O-O
8. O-O f6 9. h3 Bh5 10. Bb2 Bxf3 11. Bxf3 Qxd2 12. Qxd2 Rxd2 13. Bxc6 bxc6 14.
Rac1 e5 15. Rfd1 Rxd1+ 16. Rxd1 Bc5 17. a3 Rd8 18. Rxd8+ Kxd8 19. b4 Be7 20. f3
a6 21. Kf2 c5 22. c3 cxb4 23. axb4 c5 24. bxc5 Bxc5+ 25. Ke2 Kc7 26. Kd3 Kc6
27. Kc4 a5 28. Kb3 Bb6 29. Kc4 h5 30. Ba3 g5 31. Be7 g4 32. Bxf6 gxh3 33. gxh3
Kd6 34. Bg5 Kc6 35. Be7 Bc7 36. Bg5 Bd6 37. Kb3 Kb5 38. c4+ Kc5 39. Be3+ Kc6
1/2-1/2

[Event "New Brunswick op"]
[Site "Fredericton CAN"]
[Date "2022.07.02"]
[Round "2.1"]
[White "Zhang, Brian"]
[Black "Manley, Jason"]
[Result "0-1"]
[WhiteElo "1761"]
[BlackElo "2208"]
[PlyCount "78"]
[EventDate "2022.07.01"]
[EventType "swiss"]
[EventRounds "5"]
[EventCountry "CAN"]

1. e4 e6 2. d4 d5 3. Nc3 Nf6 4. e5 Nfd7 5. f4 c5 6. Nf3 Nc6 7. Be3 Qb6 8. Qd2
a6 9. O-O-O c4 10. Bxc4 dxc4 11. d5 Bc5 12. Bxc5 Qxc5 13. dxc6 Qxc6 14. Nd4 Qc7
15. Ne4 O-O 16. Nd6 b5 17. Nxc8 Raxc8 18. Nxb5 axb5 19. Qxd7 Qa5 20. Kb1 c3 21.
Qd4 Rc4 22. Qe3 Ra8 23. a3 b4 24. Qc1 cxb2 25. Qxb2 bxa3 26. Qa2 Qc3 27. Rd3
Rb4+ 28. Kc1 Qb2+ 29. Qxb2 axb2+ 30. Kd2 b1=Q 31. Rxb1 Rxb1 32. Rd7 g6 33. c4
Ra2+ 34. Kc3 Rxg2 35. Rc7 Rxh2 36. Kd4 Rc1 37. c5 Rhc2 38. Rc8+ Kg7 39. c6 Rxc6
0-1

[Event "New Brunswick op"]
[Site "Fredericton CAN"]
[Date "2022.07.02"]
[Round "2.3"]
[White "Zhang, Michelle"]
[Black "Desforges, Jean"]
[Result "0-1"]
[WhiteElo "1638"]
[BlackElo "2111"]
[PlyCount "120"]
[EventDate "2022.07.01"]
[EventType "swiss"]
[EventRounds "5"]
[EventCountry "CAN"]

1. e4 d5 2. exd5 Nf6 3. Nf3 Nxd5 4. d4 g6 5. c4 Nb6 6. Nc3 Bg7 7. Be3 O-O 8.
Be2 Nc6 9. O-O Bg4 10. d5 Bxf3 11. Bxf3 Ne5 12. Bxb6 Nxf3+ 13. Qxf3 axb6 14. a3
Qd7 15. Rfe1 Rfe8 16. Rad1 c6 17. dxc6 Qxc6 18. Nd5 Kf8 19. Qe3 Bxb2 20. Rd3
Qc5 21. Qxc5 bxc5 22. Rb3 Bxa3 23. Nc7 Bb4 24. Reb1 Rab8 25. Nxe8 Kxe8 26. Kf1
b5 27. cxb5 Rxb5 28. Ke2 Kd7 29. Kd3 Rb6 30. Kc4 Rf6 31. f3 Rf4+ 32. Kb5 Rd4
33. R3b2 f5 34. Re2 Kd6 35. Ra1 Bc3 36. Ra6+ Kd5 37. Ra4 e5 38. Ra8 Rb4+ 39.
Ka6 Ra4+ 40. Kb7 Rxa8 41. Kxa8 Kd4 42. Kb7 e4 43. fxe4 fxe4 44. Kc6 e3 45. Ra2
Kd3 46. Kxc5 e2 47. Rxe2 Kxe2 48. Kd5 Kf2 49. g4 Kf3 50. g5 Kg4 51. Ke4 Bd2 52.
h4 Kxh4 53. Kf3 Kxg5 54. Kg3 Bb4 55. Kh3 Kf4 56. Kg2 g5 57. Kf2 g4 58. Kg1 g3
59. Kh1 Kf3 60. Kg1 g2 0-1

[Event "New Brunswick op"]
[Site "Fredericton CAN"]
[Date "2022.07.02"]
[Round "2.4"]
[White "Hunter, Terry"]
[Black "Hensel, George"]
[Result "0-1"]
[WhiteElo "1709"]
[BlackElo "1711"]
[PlyCount "54"]
[EventDate "2022.07.01"]
[EventType "swiss"]
[EventRounds "5"]
[EventCountry "CAN"]

1. e4 Nf6 2. Nc3 c5 3. Nf3 Nc6 4. d4 cxd4 5. Nxd4 g6 6. Nxc6 bxc6 7. e5 Ng8 8.
Bf4 d6 9. Qd2 Bb7 10. O-O-O d5 11. Nxd5 Qxd5 12. Qxd5 cxd5 13. Bb5+ Kd8 14. c4
e6 15. Bg5+ Be7 16. Bd2 a5 17. Be3 h5 18. Kb1 Kc7 19. b3 f6 20. f4 Nh6 21. Bd4
f5 22. cxd5 Bxd5 23. Rc1+ Kb7 24. Bc5 Bxc5 25. Rxc5 Rhc8 26. Rhc1 Rxc5 27. Rxc5
Kb6 0-1

[Event "New Brunswick op"]
[Site "Fredericton CAN"]
[Date "2022.07.02"]
[Round "2.9"]
[White "Whitney, Ryan"]
[Black "Cross, Skye"]
[Result "1-0"]
[WhiteElo "1560"]
[BlackElo "1198"]
[PlyCount "115"]
[EventDate "2022.07.01"]
[EventType "swiss"]
[EventRounds "5"]
[EventCountry "CAN"]

1. e4 e6 2. d4 d5 3. e5 c5 4. c3 Nc6 5. Nf3 Nge7 6. Bd3 Ng6 7. O-O Bd7 8. a3
Qb6 9. Bc2 Be7 10. b4 cxd4 11. cxd4 Rc8 12. Be3 O-O 13. Qd3 f6 14. h4 f5 15. h5
Nh4 16. Nxh4 Bxh4 17. Nd2 Be8 18. Nf3 Be7 19. h6 g6 20. Rab1 f4 21. Bd2 Qd8 22.
Nh2 Nxd4 23. Qxd4 Rxc2 24. Bxf4 Rc4 25. Qxa7 Rcxf4 26. Nf3 Rxf3 27. gxf3 Bh4
28. Qxb7 Qg5+ 29. Kh2 Qxh6 30. Rh1 Bxf2+ 31. Kg2 Bh4 32. Rxh4 Qxh4 33. Rh1 Rf7
34. Qxf7+ Bxf7 35. Rxh4 g5 36. Rh1 Bg6 37. b5 d4 38. b6 g4 39. Kf2 Be8 40. b7
d3 41. b8=Q Kf7 42. Rxh7+ Kg6 43. Qxe8+ Kxh7 44. Qd7+ Kg6 45. fxg4 Kg5 46. Qxe6
d2 47. Qd5 Kf4 48. Qxd2+ Kxe5 49. a4 Kf6 50. a5 Ke6 51. a6 Ke7 52. a7 Kf7 53.
Qa5 Ke7 54. Qb5 Kd6 55. a8=R Ke6 56. Ra6+ Ke7 57. Qb7+ Kd8 58. Ra8# 1-0

[Event "New Brunswick op"]
[Site "Fredericton CAN"]
[Date "2022.07.02"]
[Round "2.11"]
[White "Carter, Chase"]
[Black "Mayo, Andrew"]
[Result "1-0"]
[WhiteElo "1488"]
[BlackElo "1474"]
[PlyCount "87"]
[EventDate "2022.07.01"]
[EventType "swiss"]
[EventRounds "5"]
[EventCountry "CAN"]

1. b3 d5 2. Bb2 c5 3. e3 Nf6 4. Bb5+ Nc6 5. f4 e6 6. Nf3 Be7 7. O-O a6 8. Bxc6+
bxc6 9. Ne5 Qb6 10. d4 c4 11. Nd2 c5 12. a4 Qa5 13. bxc4 cxd4 14. exd4 Rb8 15.
Nc6 Qb6 16. Nxb8 Qxb2 17. Nc6 Bd7 18. Nxe7 Qxd4+ 19. Kh1 Kxe7 20. cxd5 Nxd5 21.
Nb3 Qxd1 22. Rfxd1 Nxf4 23. Nc5 Bc6 24. Rd2 Rd8 25. Rxd8 Kxd8 26. Nxa6 Bxg2+
27. Kg1 Ke7 28. Nc5 g5 29. Nd3 Nxd3 30. cxd3 Bd5 31. h4 f5 32. d4 Kf6 33. a5 h5
34. hxg5+ Kxg5 35. Kf2 h4 36. a6 h3 37. Kg3 Bg2 38. a7 f4+ 39. Kh2 Kg4 40. a8=Q
Bxa8 41. Rxa8 f3 42. Rg8+ Kh4 43. Rg3 f2 44. Rf3 1-0

[Event "New Brunswick op"]
[Site "Fredericton CAN"]
[Date "2022.07.02"]
[Round "2.12"]
[White "Estafanos, John"]
[Black "Pryor, Walker"]
[Result "0-1"]
[WhiteElo "1176"]
[BlackElo "1173"]
[PlyCount "58"]
[EventDate "2022.07.01"]
[EventType "swiss"]
[EventRounds "5"]
[EventCountry "CAN"]

1. e4 c6 2. f3 d5 3. d4 e6 4. Nc3 c5 5. Bf4 Nc6 6. Bd3 Nxd4 7. Nh3 c4 8. Bf1
Bc5 9. Na4 Qa5+ 10. c3 Nc6 11. Nxc5 Qxc5 12. b3 cxb3 13. Qxb3 dxe4 14. Ng5 exf3
15. Nxf3 Nf6 16. Qb5 Qxc3+ 17. Kf2 Qxa1 18. Nd2 O-O 19. Nb3 Qxa2+ 20. Be2 Qb2
21. Bd6 Ne4+ 22. Kf3 Nxd6 23. Qd3 Ne5+ 24. Ke3 Nxd3 25. Kxd3 Qxb3+ 26. Kd2 Ne4+
27. Kc1 Rd8 28. Rd1 Qc3+ 29. Kb1 Nd2+ 0-1

[Event "New Brunswick op"]
[Site "Fredericton CAN"]
[Date "2022.07.02"]
[Round "3.1"]
[White "Manley, Jason"]
[Black "Debly, Majid"]
[Result "1/2-1/2"]
[WhiteElo "2208"]
[BlackElo "1405"]
[PlyCount "88"]
[EventDate "2022.07.01"]
[EventType "swiss"]
[EventRounds "5"]
[EventCountry "CAN"]

1. e4 e5 2. Nf3 Nc6 3. Bc4 Nf6 4. d4 exd4 5. O-O d6 6. Nxd4 Be7 7. Nc3 O-O 8.
Nxc6 bxc6 9. b3 Bb7 10. Bb2 Qd7 11. h3 Rad8 12. Qf3 d5 13. Rad1 Qe6 14. Bd3 d4
15. Ne2 c5 16. Ng3 Bd6 17. Rfe1 Nd7 18. c3 Ne5 19. Qf5 Nxd3 20. Rxd3 Bxg3 21.
fxg3 Qa6 22. Rd2 Qxa2 23. Qxc5 Qxb3 24. Qb4 Qxb4 25. cxb4 d3 26. Kf2 Rfe8 27.
e5 Rd5 28. Ra1 a6 29. Ra3 Red8 30. Ke3 h5 31. h4 Kf8 32. Raxd3 Rxd3+ 33. Rxd3
Rxd3+ 34. Kxd3 Bxg2 35. Kd4 Ke7 36. Bc1 Ke6 37. Bd2 g6 38. Bf4 c6 39. Kc5 Bf3
40. Kb6 Kd7 41. Kxa6 Bd5 42. Kb6 Be6 43. Kc5 Bb3 44. Bh6 Be6 1/2-1/2

[Event "New Brunswick op"]
[Site "Fredericton CAN"]
[Date "2022.07.02"]
[Round "3.2"]
[White "Desforges, Jean"]
[Black "Martinovsky, Ian"]
[Result "1/2-1/2"]
[WhiteElo "2111"]
[BlackElo "2201"]
[PlyCount "78"]
[EventDate "2022.07.01"]
[EventType "swiss"]
[EventRounds "5"]
[EventCountry "CAN"]

1. d4 c5 2. Nf3 cxd4 3. Nxd4 Nc6 4. c4 g6 5. e4 Bg7 6. Be3 Nf6 7. Nc3 O-O 8.
Be2 d6 9. Qd2 Ng4 10. Bxg4 Bxg4 11. f3 Bd7 12. O-O Rc8 13. b3 Qa5 14. Rad1 Rfd8
15. Nd5 Qxd2 16. Rxd2 Kf8 17. Rfd1 Nxd4 18. Bxd4 Bxd4+ 19. Rxd4 b5 20. Ne3 bxc4
21. Nxc4 Be6 22. e5 d5 23. Ne3 Rc7 24. R1d2 g5 25. Kf2 Kg7 26. Ke2 a5 27. Ra4
Rc5 28. Rad4 f6 29. exf6+ Kxf6 30. g3 h6 31. Kf2 Kg6 32. a3 Rb5 33. b4 axb4 34.
axb4 Kf6 35. f4 g4 36. f5 Bxf5 37. Rf4 e6 38. Nxg4+ Kg7 39. Ne5 Kf6 1/2-1/2

[Event "New Brunswick op"]
[Site "Fredericton CAN"]
[Date "2022.07.02"]
[Round "3.5"]
[White "Cross, Skye"]
[Black "Zhang, Brian"]
[Result "0-1"]
[WhiteElo "1198"]
[BlackElo "1761"]
[PlyCount "80"]
[EventDate "2022.07.01"]
[EventType "swiss"]
[EventRounds "5"]
[EventCountry "CAN"]

1. e4 c5 2. Nc3 a6 3. f4 d6 4. Nf3 Nf6 5. d3 Nc6 6. a3 e6 7. Be2 Be7 8. O-O O-O
9. Qe1 b5 10. Kh1 Bb7 11. Ng5 h6 12. Nh3 Nd4 13. Qg3 b4 14. f5 Kh7 15. Nf4 bxc3
16. Ng6 fxg6 17. Qxg6+ Kh8 18. Bh5 Nxh5 19. Qxh5 Bg5 20. bxc3 Nc6 21. h4 Bxc1
22. Raxc1 exf5 23. exf5 Qf6 24. Rf4 Rae8 25. Rcf1 Ne5 26. Kh2 Re7 27. g4 Nf3+
28. R1xf3 Bxf3 29. Rxf3 Re2+ 30. Kg3 Qe5+ 31. Rf4 Qe3+ 32. Rf3 Qg1+ 33. Kf4
Qh2+ 34. Rg3 Rf2+ 35. Ke4 Qxg3 36. Kd5 Qe5+ 37. Kc6 c4 38. d4 Qb5+ 39. Kxd6
Rd8+ 40. Ke7 Qd7# 0-1

[Event "New Brunswick op"]
[Site "Fredericton CAN"]
[Date "2022.07.02"]
[Round "3.6"]
[White "Hensel, George"]
[Black "Whitney, Ryan"]
[Result "1-0"]
[WhiteElo "1711"]
[BlackElo "1560"]
[PlyCount "49"]
[EventDate "2022.07.01"]
[EventType "swiss"]
[EventRounds "5"]
[EventCountry "CAN"]

1. e4 e5 2. Nf3 Nc6 3. Bb5 a6 4. Ba4 b5 5. Bb3 Nf6 6. d3 Bc5 7. c3 d5 8. exd5
Nxd5 9. O-O Na5 10. Bxd5 Qxd5 11. b4 Bxf2+ 12. Rxf2 Nc6 13. Qe2 O-O 14. Bb2 Bg4
15. Qe4 Qd7 16. Qe3 Rfe8 17. Nbd2 Rad8 18. Re1 Bxf3 19. Qxf3 f6 20. a3 Ne7 21.
d4 exd4 22. cxd4 Nf5 23. Rxe8+ Qxe8 24. Qxf5 Qe1+ 25. Nf1 1-0

[Event "New Brunswick op"]
[Site "Fredericton CAN"]
[Date "2022.07.02"]
[Round "3.13"]
[White "Estafanos, John"]
[Black "Belczewski, Ron"]
[Result "0-1"]
[WhiteElo "1176"]
[BlackElo "1692"]
[PlyCount "70"]
[EventDate "2022.07.01"]
[EventType "swiss"]
[EventRounds "5"]
[EventCountry "CAN"]

1. d4 Nf6 2. Nc3 g6 3. e4 d6 4. Be3 Bg7 5. Nf3 O-O 6. Bc4 c6 7. Qe2 d5 8. Bd3
Nxe4 9. Nxe4 dxe4 10. Bxe4 Bg4 11. O-O Nd7 12. h3 Bxf3 13. Bxf3 Nb6 14. Rfd1
Nd5 15. Bxd5 cxd5 16. c3 a6 17. Rd2 Rc8 18. Rc1 Qd7 19. a3 Rc6 20. c4 Rfc8 21.
b3 b5 22. c5 e5 23. b4 Re8 24. Qg4 Qxg4 25. hxg4 exd4 26. Bxd4 Bh6 27. Be3 Bxe3
28. fxe3 Rxe3 29. Rxd5 Ree6 30. Rf1 Kf8 31. Rd8+ Kg7 32. Kh2 Re4 33. Kh3 g5 34.
g3 Re2 35. Rd7 Rh6# 0-1

[Event "New Brunswick op"]
[Site "Fredericton CAN"]
[Date "2022.07.03"]
[Round "4.1"]
[White "Carter, Chase"]
[Black "Manley, Jason"]
[Result "0-1"]
[WhiteElo "1488"]
[BlackElo "2208"]
[PlyCount "32"]
[EventDate "2022.07.01"]
[EventType "swiss"]
[EventRounds "5"]
[EventCountry "CAN"]

1. b3 d5 2. Bb2 Bf5 3. e3 Nd7 4. f4 Ngf6 5. Nf3 e6 6. Be2 Bd6 7. O-O c6 8. Ne5
Qc7 9. g4 Nxe5 10. fxe5 Bxe5 11. Bxe5 Qxe5 12. Nc3 Bg6 13. Rf4 O-O-O 14. h4 d4
15. g5 dxe3 16. gxf6 Qxf4 0-1

[Event "New Brunswick op"]
[Site "Fredericton CAN"]
[Date "2022.07.03"]
[Round "4.3"]
[White "Debly, Majid"]
[Black "Desforges, Jean"]
[Result "0-1"]
[WhiteElo "1405"]
[BlackElo "2111"]
[PlyCount "136"]
[EventDate "2022.07.01"]
[EventType "swiss"]
[EventRounds "5"]
[EventCountry "CAN"]

1. d4 Nf6 2. c4 e6 3. g3 d5 4. Bg2 Be7 5. Nf3 O-O 6. O-O Nbd7 7. b3 dxc4 8.
bxc4 c5 9. e3 Qc7 10. Ba3 Nb6 11. Nbd2 cxd4 12. Bxe7 Qxe7 13. exd4 Bd7 14. Ne5
Ba4 15. Qf3 Rab8 16. Rac1 Rfd8 17. Qd3 Nfd7 18. Rfe1 Nxe5 19. Rxe5 Qd7 20. Nf3
h6 21. g4 f6 22. Rh5 Bc6 23. Re1 e5 24. Qg6 Qe8 25. Qxe8+ Bxe8 26. Rh3 exd4 27.
Nd2 Bf7 28. c5 Nd5 29. Nb3 Nf4 30. Rg3 Nxg2 31. Kxg2 Rbc8 32. Rd3 Bd5+ 33. Kg3
Bxb3 34. Rxb3 Rd7 35. Reb1 Rcc7 36. Kf4 d3 37. Rd1 Rxc5 38. Rbxd3 Rxd3 39. Rxd3
Rc2 40. Ra3 a6 41. Kg3 Kf7 42. Rb3 b5 43. Ra3 Rc6 44. h4 Ke6 45. Re3+ Kd6 46.
a3 a5 47. Kf3 b4 48. axb4 axb4 49. Ke4 Kc5 50. Kd3 Rb6 51. Kc2 b3+ 52. Kb2 Rb4
53. f3 Rb7 54. h5 Kd6 55. Rc3 f5 56. gxf5 Ke5 57. Rc4 Kxf5 58. Rg4 Kf6 59. Rg6+
Kf7 60. Rg4 Rb5 61. Rh4 g6 62. hxg6+ Kxg6 63. Rg4+ Kf6 64. Rh4 h5 65. Rh1 Kg5
66. Rg1+ Kf4 67. Rf1 h4 68. Rh1 Kg3 0-1

[Event "New Brunswick op"]
[Site "Fredericton CAN"]
[Date "2022.07.03"]
[Round "4.5"]
[White "Makarov, Joshua"]
[Black "Hensel, George"]
[Result "0-1"]
[WhiteElo "1608"]
[BlackElo "1711"]
[PlyCount "120"]
[EventDate "2022.07.01"]
[EventType "swiss"]
[EventRounds "5"]
[EventCountry "CAN"]

1. d4 Nf6 2. Nf3 d5 3. c4 c6 4. a4 Nbd7 5. Nc3 e6 6. e3 Bd6 7. c5 Bc7 8. b4 O-O
9. Be2 Re8 10. O-O e5 11. b5 e4 12. Ne1 Nf8 13. Nc2 g6 14. Bd2 Kg7 15. Nb4 Bd7
16. Ra3 Ng8 17. Qb3 Rb8 18. Rfa1 Ne6 19. a5 Rc8 20. b6 axb6 21. axb6 Bb8 22.
Na6 bxa6 23. Bxa6 f5 24. Bxc8 Bxc8 25. b7 Bd7 26. Ra8 Nc7 27. g3 h5 28. Na4 h4
29. Ba5 hxg3 30. fxg3 g5 31. Nb6 Nf6 32. Nc8 Bxc8 33. Rxb8 Qd7 34. bxc8=Q Rxc8
35. Rxc8 Qxc8 36. Bxc7 Qxc7 37. Qb6 Qc8 38. Ra7+ Kg6 39. Rc7 Qa8 40. Rxc6 Qa1+
41. Kf2 Qa2+ 42. Ke1 Qa1+ 43. Kd2 Qa2+ 44. Kc1 Qa3+ 45. Kb1 Qd3+ 46. Ka2 Qd2+
47. Qb2 Qxe3 48. Rb6 Qe1 49. Qb4 Qxb4 50. Rxb4 e3 51. Rb1 f4 52. Re1 Kf5 53.
Kb2 Ke4 54. gxf4 gxf4 55. c6 Ne8 56. Kc3 f3 57. Rg1 f2 58. Rg8 Nc7 59. Rg4+ Kf3
60. Rg7 e2 0-1